| 000 | 00730nam a2200205 4500 | ||
|---|---|---|---|
| 003 | OSt | ||
| 005 | 20230824130831.0 | ||
| 008 | 708 R549v | ||
| 040 | _cLado V | ||
| 082 |
_a779.943.2 _bI59h |
||
| 110 |
_9972 _aInstituto Tecnológico de Costa Rica _eautor |
||
| 245 |
_aHelen Escobedo/ _bLa Gran Arribada: Vida y Muerte de la Tortuga Baula/ |
||
| 260 |
_aCosta Rica _bArtes Finales e Impresión _c1993 |
||
| 300 |
_a62p. _c22x28cm |
||
| 650 |
_2Tesauro de Arte & Arquitectura _aFOTOGRAFIA _9702 |
||
| 650 |
_2Tesauro de Arte & Arquitectura _aNATURALEZA |
||
| 650 |
_2Tesauro de Arte & Arquitectura _aTORTUGA |
||
| 650 |
_2Tesauro de Arte & Arquitectura _aINVESTIGACIÓN |
||
| 942 |
_2ddc _c1 _h779.943.2 _iI59h _n0 |
||
| 999 |
_c4217 _d4217 |
||